[Event "EU-ch rapid"]
[Site "Skopje"]
[Date "2018.12.08"]
[Round "5"]
[White "Ragger, Markus"]
[Black "Robulj, Nenad"]
[Result "1-0"]
[WhiteElo "2687"]
[BlackElo "2286"]
[PlyCount "69"]
[EventDate "2018.12.08"]
[EventType "swiss (rapid)"]
[EventRounds "13"]
[EventCountry "MKD"]
[SourceTitle "CBM 187 Extra"]
[Source "ChessBase"]
[SourceDate "2018.11.04"]
[SourceVersion "1"]
[SourceVersionDate "2018.11.04"]
[SourceQuality "1"]

1. e4 e6 2. d4 d5 3. Nd2 a6 4. Ngf3 Nf6 5. e5 Nfd7 6. Bd3 c5 7. c3 Nc6 8. 0-0 b5 9. a4 b4 10. Re1 Qb6 11. c4 Nxd4 12. Nxd4 cxd4 13. cxd5 exd5 14. a5 Qc6 15. Nb3 Nc5 16. Nxd4 Qb7 17. Bf4 Ne6 18. Be3 Nxd4 19. Bxd4 Be6 20. Rc1 Be7 21. Bb6 Bd8 22. Qa4+ Bd7 23. Qxb4 Be7 24. Qd4 Rc8 25. e6 Bxe6 26. Qxg7 Kd7 27. Qd4 Bd6 28. Bc2 Rhg8 29. Ba4+ Ke7 30. Qh4+ Kf8 31. Bd4 Rg4 32. Qxh7 Rxd4 33. Rxc8+ Qxc8 34. Qh8+ Ke7 35. Qxc8 1-0

[Event "EU-ch blitz"]
[Site "Skopje"]
[Date "2018.12.07"]
[Round "17"]
[White "Jovanovic, Zoran"]
[Black "Robulj, Nenad"]
[Result "1-0"]
[WhiteElo "2518"]
[BlackElo "2286"]
[PlyCount "73"]
[EventDate "2018.12.06"]
[EventType "swiss (blitz)"]
[EventRounds "22"]
[EventCountry "MKD"]
[SourceTitle "CBM 187 Extra"]
[Source "ChessBase"]
[SourceDate "2018.11.04"]
[SourceVersion "1"]
[SourceVersionDate "2018.11.04"]
[SourceQuality "1"]

1. e4 e6 2. d4 d5 3. Nc3 h6 4. Be3 Nf6 5. e5 Nfd7 6. f4 c5 7. Nf3 Nc6 8. Qd2 a6 9. Be2 b5 10. 0-0 Qb6 11. Nd1 b4 12. Nf2 a5 13. c3 Ba6 14. Bxa6 Qxa6 15. f5 Be7 16. Nd3 bxc3 17. bxc3 cxd4 18. cxd4 exf5 19. Nf4 Nb6 20. Nh5 Nc4 21. Qf2 Nxe3 22. Qxe3 0-0 23. Qf4 Qd3 24. Qg3 g6 25. Nf4 Qe3+ 26. Kh1 Nxd4 27. Nxd4 Qxd4 28. Nxg6 fxg6 29. Qxg6+ Kh8 30. Qxh6+ Kg8 31. Qe6+ Rf7 32. Rad1 Qa4 33. Rd3 Qb5 34. Rdf3 Bf8 35. Rxf5 Raa7 36. Rxf7 Ra8 37. R7f5+ 1-0

[Event "EU-ch blitz"]
[Site "Skopje"]
[Date "2018.12.07"]
[Round "16"]
[White "Pancevski, Filip"]
[Black "Robulj, Nenad"]
[Result "0-1"]
[WhiteElo "2495"]
[BlackElo "2286"]
[PlyCount "34"]
[EventDate "2018.12.06"]
[EventType "swiss (blitz)"]
[EventRounds "22"]
[EventCountry "MKD"]
[SourceTitle "CBM 187 Extra"]
[Source "ChessBase"]
[SourceDate "2018.11.04"]
[SourceVersion "1"]
[SourceVersionDate "2018.11.04"]
[SourceQuality "1"]

1. e4 e6 2. d3 d5 3. Nd2 Nf6 4. Ngf3 dxe4 5. dxe4 Bc5 6. Bc4 e5 7. c3 0-0 8. a4 a5 9. 0-0 Nc6 10. Qe2 Qe7 11. Nh4 Bg4 12. Qe1 Nh5 13. Nf5 Qf6 14. Ne3 Be6 15. Nd5 Qg6 16. Nxc7 Bh3 17. g3 Nxg3 0-1

[Event "EU-ch blitz"]
[Site "Skopje"]
[Date "2018.12.07"]
[Round "21"]
[White "Robulj, Nenad"]
[Black "Kuljasevic, Davorin"]
[Result "0-1"]
[WhiteElo "2286"]
[BlackElo "2556"]
[PlyCount "50"]
[EventDate "2018.12.06"]
[EventType "swiss (blitz)"]
[EventRounds "22"]
[EventCountry "MKD"]
[SourceTitle "CBM 187 Extra"]
[Source "ChessBase"]
[SourceDate "2018.11.04"]
[SourceVersion "1"]
[SourceVersionDate "2018.11.04"]
[SourceQuality "1"]

1. e4 e5 2. Bc4 Nf6 3. d3 Nc6 4. Nf3 Be7 5. 0-0 0-0 6. c3 d6 7. h3 Na5 8. Bb5 a6 9. Ba4 b5 10. Bc2 c5 11. Nbd2 Nc6 12. Re1 Re8 13. Nf1 h6 14. Ng3 Be6 15. Nh2 d5 16. Qf3 d4 17. Ng4 Nxg4 18. hxg4 Bg5 19. Nf5 Bxc1 20. Raxc1 Qg5 21. cxd4 Nxd4 22. Qe3 Red8 23. Bd1 Bxf5 24. gxf5 Rac8 25. Qh3 Qxc1 0-1

[Event "SRB-chT"]
[Site "Valjevo"]
[Date "2018.08.31"]
[Round "1.1"]
[White "Robulj, Nenad"]
[Black "Svetushkin, Dmitry"]
[Result "0-1"]
[WhiteElo "2312"]
[BlackElo "2580"]
[PlyCount "92"]
[EventDate "2018.08.31"]
[EventType "team-tourn"]
[EventRounds "11"]
[EventCountry "SRB"]
[SourceTitle "CBM 186 Extra"]
[Source "ChessBase"]
[SourceDate "2018.08.24"]
[SourceVersion "1"]
[SourceVersionDate "2018.08.24"]
[SourceQuality "1"]
[WhiteTeam "Krajisnik Krajina"]
[BlackTeam "Belgrade Itaka"]
[WhiteTeamCountry "SRB"]
[BlackTeamCountry "SRB"]

1. e4 c6 2. d4 d5 3. exd5 cxd5 4. Bd3 Nc6 5. c3 Nf6 6. h3 g6 7. Nf3 Bf5 8. 0-0 Bxd3 9. Qxd3 Bg7 10. Bf4 0-0 11. Nbd2 Rc8 12. Ne5 e6 13. Nxc6 Rxc6 14. Be5 Ne8 15. Bxg7 Kxg7 16. Nf3 Nd6 17. Ne5 Rc7 18. Rae1 h5 19. Re2 h4 20. Rfe1 Qg5 21. Nf3 Qf6 22. Qe3 Nc4 23. Qg5 Qxg5 24. Nxg5 b5 25. f4 Kh6 26. Kf2 a5 27. Kf3 Kh5 28. Nh7 Rh8 29. Nf6+ Kh6 30. Ng4+ Kg7 31. a3 b4 32. axb4 axb4 33. cxb4 Rb8 34. Ne5 Rxb4 35. Nd3 Rb3 36. Rd1 Nd6 37. Kf2 Ne4+ 38. Ke1 Kf6 39. Ne5 Kf5 40. Nf3 Kxf4 41. Nxh4 Rcb7 42. Nf3 Rxb2 43. Rxb2 Rxb2 44. Kf1 Kg3 45. Ne1 Kh2 46. Nf3+ Kh1 0-1

[Event "Solta Amateur op"]
[Site "Grohote"]
[Date "2018.06.27"]
[Round "5"]
[White "Muha, Miljenko"]
[Black "Robulj, Nenad"]
[Result "0-1"]
[WhiteElo "2362"]
[BlackElo "2297"]
[PlyCount "54"]
[EventDate "2018.06.24"]
[EventType "swiss"]
[EventRounds "9"]
[EventCountry "CRO"]
[SourceTitle "CBM 185 Extra"]
[Source "ChessBase"]
[SourceDate "2018.07.29"]
[SourceVersion "1"]
[SourceVersionDate "2018.07.29"]
[SourceQuality "1"]

1. Nf3 e6 2. d4 b6 3. e4 Bb7 4. Bd3 c5 5. c3 cxd4 6. cxd4 Bb4+ 7. Bd2 Bxd2+ 8. Nbxd2 Ne7 9. e5 h6 10. Ne4 0-0 11. b4 Nf5 12. g4 Nh4 13. g5 Bxe4 14. Bxe4 Nxf3+ 15. Bxf3 Nc6 16. gxh6 Qh4 17. hxg7 Rfd8 18. b5 Nxd4 19. Bxa8 Rxa8 20. Qd3 Qf4 21. Kf1 Nf3 22. h4 Rc8 23. Rh3 Rc1+ 24. Qd1 Rxd1+ 25. Rxd1 Qc4+ 26. Kg2 Qg4+ 27. Rg3 Nxh4+ 0-1

[Event "Vojvodina-chT"]
[Site "Novi Sad"]
[Date "2017.11.18"]
[Round "8.4"]
[White "Robulj, Nenad"]
[Black "Krstic, Petar"]
[Result "1-0"]
[WhiteElo "2286"]
[BlackElo "2324"]
[PlyCount "79"]
[EventDate "2017.11.13"]
[EventType "team-tourn"]
[EventRounds "11"]
[EventCountry "SRB"]
[SourceTitle "CBM 181 Extra"]
[Source "ChessBase"]
[SourceDate "2017.12.12"]
[SourceVersion "1"]
[SourceVersionDate "2017.12.12"]
[SourceQuality "1"]
[WhiteTeam "Krajisnik Krajina"]
[BlackTeam "Subotica Spartak"]
[WhiteTeamCountry "SRB"]
[BlackTeamCountry "SRB"]

1. e4 c5 2. Nf3 e6 3. c3 Nf6 4. d3 d6 5. g3 b6 6. Bg2 Bb7 7. 0-0 Be7 8. Re1 0-0 9. Nbd2 Qc7 10. b3 Nc6 11. Bb2 Rac8 12. Rc1 Qb8 13. a3 Ne5 14. Qc2 Nfd7 15. Qb1 Nxf3+ 16. Nxf3 Bf6 17. d4 cxd4 18. Nxd4 d5 19. exd5 Bxd5 20. Bxd5 exd5 21. Qf5 Qb7 22. Rcd1 Nc5 23. Qc2 Rfd8 24. Nf5 Ne6 25. Qd3 Nc5 26. Qc2 Ne6 27. c4 Bxb2 28. Qxb2 dxc4 29. Rxd8+ Rxd8 30. bxc4 Qc7 31. h4 h5 32. Qe2 Qc5 33. Qxh5 Qxc4 34. Ne7+ Kf8 35. Nf5 Kg8 36. Qf3 Qc5 37. h5 Rd2 38. Re3 Qc1+ 39. Kg2 Qb2 40. Ne7+ 1-0

[Event "Vojvodina-chT"]
[Site "Novi Sad"]
[Date "2017.11.17"]
[Round "6.4"]
[White "Robulj, Nenad"]
[Black "Nagy, Attila"]
[Result "1/2-1/2"]
[WhiteElo "2286"]
[BlackElo "2191"]
[PlyCount "116"]
[EventDate "2017.11.13"]
[EventType "team-tourn"]
[EventRounds "11"]
[EventCountry "SRB"]
[SourceTitle "CBM 181 Extra"]
[Source "ChessBase"]
[SourceDate "2017.12.12"]
[SourceVersion "1"]
[SourceVersionDate "2017.12.12"]
[SourceQuality "1"]
[WhiteTeam "Krajisnik Krajina"]
[BlackTeam "Senta"]
[WhiteTeamCountry "SRB"]
[BlackTeamCountry "SRB"]

1. e4 c5 2. Nf3 g6 3. c3 d6 4. d4 cxd4 5. cxd4 Nf6 6. Nc3 Bg7 7. h3 0-0 8. Bd3 Nc6 9. 0-0 a6 10. Be3 Nd7 11. Rc1 e5 12. Bb1 exd4 13. Nxd4 Nde5 14. Nce2 Nxd4 15. Nxd4 Bd7 16. Qd2 Re8 17. Rfd1 Rc8 18. Rxc8 Qxc8 19. b3 Rd8 20. Bg5 f6 21. Be3 Re8 22. Rc1 Qd8 23. Qb4 Bc8 24. Ne2 Nc6 25. Qd2 g5 26. Rd1 Bf8 27. Nc3 Be6 28. Nd5 Bg7 29. Bb6 Qd7 30. Nc7 Rc8 31. Qxd6 Qxd6 32. Rxd6 Bf7 33. Nd5 Bxd5 34. exd5 Bf8 35. Rxf6 Nb4 36. Be4 Rc1+ 37. Kh2 Rd1 38. Bf3 Rd2 39. Rxf8+ Kxf8 40. Bc5+ Ke8 41. Bxb4 Rxa2 42. Bc5 Rb2 43. b4 b6 44. Bxb6 Rxb4 45. Bc5 Rb5 46. Bd6 Kd7 47. Be5 h6 48. Bg4+ Ke7 49. Be6 a5 50. f4 gxf4 51. Bxf4 a4 52. Kg3 a3 53. Bxh6 a2 54. Bg7 Rb1 55. Kf4 Kd6 56. g4 Rf1+ 57. Ke3 Re1+ 58. Kf4 Rf1+ 1/2-1/2

[Event "Veliko Gradiste Silver Lake op-A"]
[Site "Veliko Gradiste"]
[Date "2017.06.22"]
[Round "6"]
[White "Robulj, Nenad"]
[Black "Dogan, Mire Deniz"]
[Result "1-0"]
[WhiteElo "2281"]
[BlackElo "2040"]
[PlyCount "41"]
[EventDate "2017.06.18"]
[EventType "swiss"]
[EventRounds "9"]
[EventCountry "SRB"]
[SourceTitle "EXT 2018"]
[Source "ChessBase"]
[SourceDate "2017.10.13"]
[SourceVersion "1"]
[SourceVersionDate "2017.10.13"]
[SourceQuality "1"]

1. e4 e6 2. Nf3 d5 3. Nc3 Nf6 4. e5 Nfd7 5. d4 c5 6. dxc5 Nc6 7. Bf4 Bxc5 8. Bd3 f6 9. exf6 Qxf6 10. Bg3 Nde5 11. Nxe5 Nxe5 12. Qh5+ Nf7 13. Nb5 Bb6 14. Nd6+ Kf8 15. 0-0 g6 16. Qe2 Bc5 17. Nxf7 Qxf7 18. c4 Bd7 19. Rac1 b6 20. b4 Bxb4 21. Qb2 1-0

[Event "Veliko Gradiste Silver Lake op-A"]
[Site "Veliko Gradiste"]
[Date "2017.06.20"]
[Round "4"]
[White "Robulj, Nenad"]
[Black "Nestorovic, Dejan"]
[Result "1/2-1/2"]
[WhiteElo "2281"]
[BlackElo "2364"]
[PlyCount "41"]
[EventDate "2017.06.18"]
[EventType "swiss"]
[EventRounds "9"]
[EventCountry "SRB"]
[SourceTitle "CBM 179 Extra"]
[Source "ChessBase"]
[SourceDate "2017.08.23"]
[SourceVersion "1"]
[SourceVersionDate "2017.08.23"]
[SourceQuality "1"]

1. e4 c5 2. c3 Nf6 3. e5 Nd5 4. d4 cxd4 5. Nf3 e6 6. cxd4 d6 7. a3 Bd7 8. Bd3 Bc6 9. 0-0 Nd7 10. b4 a6 11. Re1 Be7 12. Nbd2 dxe5 13. dxe5 Nc3 14. Qc2 Rc8 15. Qxc3 Bxf3 16. Qd4 Bc6 17. Nc4 Nc5 18. Nd6+ Bxd6 19. exd6 Nxd3 20. Qxd3 0-0 21. Bf4 1/2-1/2

[Event "Veliko Gradiste Silver Lake op-A"]
[Site "Veliko Gradiste"]
[Date "2017.06.19"]
[Round "2"]
[White "Robulj, Nenad"]
[Black "Gazik, Viktor"]
[Result "0-1"]
[WhiteElo "2281"]
[BlackElo "2460"]
[PlyCount "78"]
[EventDate "2017.06.18"]
[EventType "swiss"]
[EventRounds "9"]
[EventCountry "SRB"]
[SourceTitle "CBM 179 Extra"]
[Source "ChessBase"]
[SourceDate "2017.08.23"]
[SourceVersion "1"]
[SourceVersionDate "2017.08.23"]
[SourceQuality "1"]

1. e4 Nf6 2. e5 Nd5 3. d4 d6 4. Bc4 c6 5. Qe2 g6 6. h3 Bg7 7. Nf3 0-0 8. 0-0 b5 9. Bb3 a5 10. c3 Ba6 11. Qe4 dxe5 12. dxe5 Nd7 13. Bc2 e6 14. Re1 Bb7 15. Nbd2 c5 16. Qg4 Qc7 17. Qg3 Ne7 18. Qh4 Nf5 19. Bxf5 exf5 20. e6 Ne5 21. Nxe5 Bxe5 22. exf7+ Rxf7 23. Nf1 f4 24. Nh2 Bg7 25. Qg5 Rf5 26. Qe7 Qc6 27. f3 Rf7 28. Qh4 Qd6 29. Nf1 c4 30. Bd2 Qc5+ 31. Kh1 g5 32. Qh5 Raf8 33. Re2 Rf6 34. Rae1 Rh6 35. Qg4 Bc8 36. Re5 Qxe5 37. Rxe5 Bxg4 38. Rxg5 Bf5 39. Bxf4 Bd3 0-1

[Event "Veliko Gradiste Silver Lake op-A"]
[Site "Veliko Gradiste"]
[Date "2017.06.19"]
[Round "3"]
[White "Zivkovic, Momcilo"]
[Black "Robulj, Nenad"]
[Result "0-1"]
[WhiteElo "2107"]
[BlackElo "2281"]
[PlyCount "45"]
[EventDate "2017.06.18"]
[EventType "swiss"]
[EventRounds "9"]
[EventCountry "SRB"]
[SourceTitle "CBM 179 Extra"]
[Source "ChessBase"]
[SourceDate "2017.08.23"]
[SourceVersion "1"]
[SourceVersionDate "2017.08.23"]
[SourceQuality "1"]

1. e4 e6 2. d4 d5 3. exd5 exd5 4. c4 Nc6 5. Nc3 dxc4 6. d5 Ne5 7. Bxc4 Nxc4 8. Qa4+ Bd7 9. Qxc4 Nf6 10. Bf4 c6 11. d6 Be6 12. Qc5 Qb6 13. Qxb6 axb6 14. 0-0-0 Nd5 15. Nxd5 Bxd5 16. Nf3 f6 17. Rxd5 cxd5 18. Rd1 g5 19. Bg3 h5 20. h4 g4 21. Nd4 Kd7 22. Nf5 Rxa2 23. Kc2 0-1

[Event "Veliko Gradiste Silver Lake op-A"]
[Site "Veliko Gradiste"]
[Date "2017.06.18"]
[Round "1"]
[White "Kukic, Boris"]
[Black "Robulj, Nenad"]
[Result "0-1"]
[WhiteElo "2042"]
[BlackElo "2281"]
[PlyCount "92"]
[EventDate "2017.06.18"]
[EventType "swiss"]
[EventRounds "9"]
[EventCountry "SRB"]
[SourceTitle "EXT 2018"]
[Source "ChessBase"]
[SourceDate "2017.10.13"]
[SourceVersion "1"]
[SourceVersionDate "2017.10.13"]
[SourceQuality "1"]

1. e4 e6 2. d4 d5 3. e5 c5 4. c3 Nc6 5. Nf3 Nge7 6. a3 Nf5 7. Bd3 cxd4 8. Bxf5 exf5 9. cxd4 Be7 10. Nc3 Be6 11. Be3 Rc8 12. Qa4 0-0 13. 0-0 Na5 14. Rac1 a6 15. h4 h6 16. g3 Nc4 17. b4 a5 18. Qb3 axb4 19. axb4 Ra8 20. Ra1 Qb6 21. Na4 Qb5 22. Nc5 Bxc5 23. dxc5 Nxe3 24. Qxe3 Rxa1 25. Rxa1 Qxb4 26. Re1 Ra8 27. Qd4 Qb5 28. Qc3 Ra4 29. Nd4 Qa6 30. Qb2 f4 31. c6 bxc6 32. Nxe6 fxe6 33. Qb8+ Kh7 34. Qb1+ Kg8 35. Qg6 Qc8 36. Rb1 fxg3 37. fxg3 Ra7 38. h5 Re7 39. Rb4 Qe8 40. Qc2 Qxh5 41. Qc5 Qd1+ 42. Kg2 Rf7 43. Rb2 Qf1+ 44. Kh2 Rf5 45. g4 Qf4+ 46. Kh3 Qf3+ 0-1

[Event "Belgrade-chT"]
[Site "Belgrade"]
[Date "2016.10.21"]
[Round "12.2"]
[White "Galiot, Goran"]
[Black "Robulj, Nenad"]
[Result "1-0"]
[WhiteElo "2310"]
[BlackElo "2294"]
[PlyCount "89"]
[EventDate "2016.10.08"]
[EventType "team-tourn"]
[EventRounds "13"]
[EventCountry "SRB"]
[SourceTitle "CBM 175 Extra"]
[Source "ChessBase"]
[SourceDate "2016.12.12"]
[SourceVersion "1"]
[SourceVersionDate "2016.12.12"]
[SourceQuality "1"]
[WhiteTeam "Grocka"]
[BlackTeam "Politika"]
[WhiteTeamCountry "SRB"]
[BlackTeamCountry "SRB"]

1. d4 Nf6 2. c4 g6 3. Nc3 d5 4. cxd5 Nxd5 5. e4 Nxc3 6. bxc3 Bg7 7. Nf3 0-0 8. Rb1 c5 9. Be2 cxd4 10. cxd4 Qa5+ 11. Qd2 Qxd2+ 12. Kxd2 Rd8 13. Ke3 b6 14. Bb5 a6 15. Bd3 Nd7 16. Ba3 e5 17. d5 f5 18. Be7 Re8 19. d6 b5 20. Rbc1 Nf6 21. Nxe5 Nxe4 22. Bxe4 fxe4 23. Kxe4 Bb7+ 24. Kd4 Rad8 25. Rc7 Bxg2 26. Rg1 Rxe7 27. Rxe7 Rxd6+ 28. Ke3 Bh6+ 29. f4 Bd5 30. Rc1 Rd8 31. Rd1 Bf8 32. Rc7 Rd6 33. Rd7 Rxd7 34. Nxd7 Bxa2 35. Nxf8 Kxf8 36. Ra1 Bc4 37. Rxa6 Kg7 38. Kd4 h5 39. h4 Kf7 40. Ke5 Bd3 41. Ra7+ Ke8 42. Kf6 Kd8 43. Ra3 Bc2 44. Rc3 Bf5 45. Rb3 1-0

[Event "Belgrade-chT"]
[Site "Belgrade"]
[Date "2016.10.14"]
[Round "6.3"]
[White "Robulj, Nenad"]
[Black "Andrijevic, Milan"]
[Result "1/2-1/2"]
[WhiteElo "2294"]
[BlackElo "2296"]
[PlyCount "35"]
[EventDate "2016.10.08"]
[EventType "team-tourn"]
[EventRounds "13"]
[EventCountry "SRB"]
[SourceTitle "EXT 2017"]
[Source "ChessBase"]
[SourceDate "2016.10.25"]
[SourceVersion "1"]
[SourceVersionDate "2016.10.25"]
[SourceQuality "1"]
[WhiteTeam "Politika"]
[BlackTeam "Romanticari"]
[WhiteTeamCountry "SRB"]
[BlackTeamCountry "SRB"]

1. e4 c5 2. Nf3 Nc6 3. d3 e6 4. g3 Nf6 5. Bg2 Be7 6. 0-0 d6 7. Nbd2 0-0 8. Re1 Qc7 9. Nf1 b6 10. h3 Bb7 11. g4 Rfe8 12. Ng3 Bf8 13. g5 Nd7 14. Nh2 e5 15. h4 Nd4 16. h5 g6 17. Ng4 Qd8 18. Be3 1/2-1/2

[Event "Nea Moudania op 2nd"]
[Site "Nea Moudania"]
[Date "2016.08.22"]
[Round "1"]
[White "Makris, Xenophon"]
[Black "Robulj, Nenad"]
[Result "0-1"]
[WhiteElo "1902"]
[BlackElo "2315"]
[PlyCount "54"]
[EventDate "2016.08.22"]
[EventType "swiss"]
[EventRounds "9"]
[EventCountry "GRE"]
[SourceTitle "CBM 174 Extra"]
[Source "ChessBase"]
[SourceDate "2016.10.10"]
[SourceVersion "1"]
[SourceVersionDate "2016.10.10"]
[SourceQuality "1"]

1. e4 e6 2. d4 d5 3. Nc3 h6 4. a3 Nf6 5. Bd3 c5 6. exd5 Nxd5 7. Nxd5 Qxd5 8. Nf3 cxd4 9. 0-0 Bc5 10. Re1 0-0 11. Re5 Qd6 12. Bxh6 gxh6 13. Qd2 Kg7 14. Rg5+ Kf6 15. Rh5 Ke7 16. Qxh6 Nd7 17. Re1 f6 18. Nh4 Kd8 19. Ng6 Re8 20. Nf4 e5 21. b4 Bb6 22. Bg6 Rf8 23. Nd3 a5 24. Bf5 Kc7 25. Qg7 Qd5 26. Rh7 Rg8 27. c4 dxc3 0-1

[Event "SRB-chT"]
[Site "Kragujevac"]
[Date "2015.08.29"]
[Round "10.5"]
[White "Radivojevic, Ivan"]
[Black "Robulj, Nenad"]
[Result "1/2-1/2"]
[WhiteElo "2356"]
[BlackElo "2298"]
[PlyCount "65"]
[EventDate "2015.08.20"]
[EventType "team-tourn"]
[EventRounds "11"]
[EventCountry "YUG"]
[SourceTitle "EXT 2016"]
[Source "ChessBase"]
[SourceDate "2015.10.08"]
[SourceVersion "1"]
[SourceVersionDate "2015.10.08"]
[SourceQuality "1"]
[WhiteTeam "Pozega"]
[BlackTeam "Krajisnik Krajina"]
[WhiteTeamCountry "SRB"]
[BlackTeamCountry "SRB"]

1. e4 e6 2. d4 d5 3. Nc3 h6 4. exd5 exd5 5. Bd3 c6 6. Nf3 Bd6 7. h3 Qf6 8. Be3 Bf5 9. Bxf5 Qxf5 10. Qe2 Ne7 11. 0-0-0 Nd7 12. g4 Qf6 13. g5 hxg5 14. Bxg5 Bf4+ 15. Bxf4 Qxf4+ 16. Kb1 0-0-0 17. Qxe7 Qxf3 18. Qg5 g6 19. Qg3 Qf5 20. Rd3 Rde8 21. Rf3 Qe6 22. Re3 Qf6 23. Nxd5 cxd5 24. Rc3+ Kd8 25. Qc7+ Ke7 26. Re3+ Kf8 27. Rxe8+ Kxe8 28. Re1+ Kf8 29. Qxd7 Qxf2 30. Qe8+ Kg7 31. Qe5+ Qf6 32. Qxd5 Rxh3 33. Qg2 1/2-1/2

[Event "SRB-chT"]
[Site "Kragujevac"]
[Date "2015.08.24"]
[Round "5.5"]
[White "Robulj, Nenad"]
[Black "Sredojevic, Ivan"]
[Result "1/2-1/2"]
[WhiteElo "2298"]
[BlackElo "2416"]
[PlyCount "44"]
[EventDate "2015.08.20"]
[EventType "team-tourn"]
[EventRounds "11"]
[EventCountry "YUG"]
[SourceTitle "EXT 2016"]
[Source "ChessBase"]
[SourceDate "2015.10.08"]
[SourceVersion "1"]
[SourceVersionDate "2015.10.08"]
[SourceQuality "1"]
[WhiteTeam "Krajisnik Krajina"]
[BlackTeam "Gornji Milanovac Metalac"]
[WhiteTeamCountry "SRB"]
[BlackTeamCountry "SRB"]

1. e4 d6 2. d4 Nf6 3. Nc3 g6 4. f4 Bg7 5. e5 dxe5 6. dxe5 Qxd1+ 7. Kxd1 Ng4 8. Nd5 Kd8 9. Ke1 c6 10. Nc3 Nh6 11. Nf3 Rf8 12. Be3 f6 13. Rd1+ Kc7 14. Bc5 Re8 15. exf6 exf6+ 16. Be2 b6 17. Bd6+ Kb7 18. Ba3 Ng4 19. Rd2 Bh6 20. g3 Ne3 21. Kf2 g5 22. Bd3 Bh3 1/2-1/2

[Event "SRB-chT"]
[Site "Kragujevac"]
[Date "2015.08.23"]
[Round "4.2"]
[White "Laketic, Gojko"]
[Black "Robulj, Nenad"]
[Result "1/2-1/2"]
[WhiteElo "2427"]
[BlackElo "2298"]
[PlyCount "43"]
[EventDate "2015.08.20"]
[EventType "team-tourn"]
[EventRounds "11"]
[EventCountry "YUG"]
[SourceTitle "EXT 2016"]
[Source "ChessBase"]
[SourceDate "2015.10.08"]
[SourceVersion "1"]
[SourceVersionDate "2015.10.08"]
[SourceQuality "1"]
[WhiteTeam "Ruma Sloven"]
[BlackTeam "Krajisnik Krajina"]
[WhiteTeamCountry "SRB"]
[BlackTeamCountry "SRB"]

1. d4 Nf6 2. Nf3 g6 3. c4 Bg7 4. Nc3 d5 5. cxd5 Nxd5 6. Bd2 0-0 7. e4 Nb6 8. Be3 Bg4 9. Be2 Nc6 10. d5 Bxf3 11. Bxf3 Ne5 12. Be2 Nec4 13. Bc1 Qd6 14. 0-0 c6 15. dxc6 Qxc6 16. Qb3 e6 17. a4 Rfc8 18. a5 Nd7 19. Rd1 Nd6 20. Qb4 Nc5 21. Be3 Bf6 22. Bf4 1/2-1/2